La vida cotidiana en la Edad Media : el paso de la aldea a la ciudad /

Shranjeno v:
Bibliografske podrobnosti
Glavni avtor: Andrés Martín, Rubén (autor)
Format: Knjiga
Jezik:španščina
Izdano: Barcelona, España : Shackleton Books, 2020, c2020
Serija:(Historia Brevis)
Teme:
Online dostop:Ver documento en línea
Oznake: Označite
Brez oznak, prvi označite!

MARC

LEADER 00000nam^a2200000^a^4500
001 000445260
005 20251023000000.0
009 20260526145220.294
020 |a 978-84-18139-13-0 
037 |a Acervo ITESO - Biblioteca 
041 |a ESP 
082 |a 940. 12  |b AND 
100 |a Andrés Martín, Rubén  |e (autor) 
245 1 3 |a La vida cotidiana en la Edad Media :  |b el paso de la aldea a la ciudad /  |c R. Andrés Martín. 
264 4 |a Barcelona, España :  |b Shackleton Books,  |c 2020, c2020 
264 2 |a Cartagena, España :  |b Odilo [distribución],  |c 2022 
300 |a 1 libro electrónico en línea (1 v. sin paginación) 
300 |a 1 recurso en línea 
336 |a datos para computadora  |b cod  |2 rdacontenido 
337 |a computadora  |b c  |2 rdamedio 
338 |a recurso en línea  |b cr  |2 rdasoporte 
440 1 |a (Historia Brevis) 
506 1 |a 1 licencia 
521 |a Odilo 2022 EEnlace Departamento de Formación Humana 
649 |a XX 
650 |a Vida Cotidiana -  |x Historia -  |y Edad Media -  |x Tema Principal 
650 |a Vida Privada -  |x Historia -  |y Edad Media 
650 |a Vida Pública -  |x Historia -  |y Edad Media 
650 |a Prácticas Culturales -  |x Historia -  |y Edad Media 
650 |a Zonas Rurales -  |x Historia -  |y Edad Media 
650 |a Zonas Urbanas -  |x Historia -  |y Edad Media 
650 |a Sociología 
650 |a Edad Media -  |x Historia 
650 |a Europa -  |x Historia -  |y 476-1492 
856 4 0 |u https://iteso-odilotk-es.ezproxy.iteso.mx/info/02501599  |y Ver documento en línea 
910 |a Fondo General 
920 |a Electrónicos - Libros en Línea 
930 |a Plataforma Digital 
905 |a 205 
901 |a 445260-1  |b IT2  |c EBO  |i C178490  |u 20250521 
902 |a https://opac.biblio.iteso.mx/vufind/Record/000445260